10 Least Populous European Countries Quiz - Statistics

General Stats
  • This quiz has been taken 297 times
  • The average score is 9 of 10
Answer Stats
Population Country % Correct
800 Vatican City
99%
570,000 Luxembourg
97%
78,000 Andorra
96%
37,000 Liechtenstein
96%
37,000 Monaco
96%
33,000 San Marino
96%
425,000 Malta
92%
331,000 Iceland
89%
1,315,000 Estonia
82%
620,000 Montenegro
79%
No matching quizzes found
Score Distribution
Percent of People with Each Score
Percentile by Number Answered
Your Score History
You have not taken this quiz